000 00992cpcaa2200277 4500
001 mm 81010066
003 DLC
005 20260227111706.0
008 810423|||||||||||| eng
010 _amm 81010066
040 _aDLC
_edacs
_cDLC
_dDLC
072 7 _aW
_2lcmd
100 1 _aAbbott, L. S.
245 0 0 _aL.S. Abbott papers,
_f1854-1894.
300 _a15
_fitems.
300 _a1
_fcontainer plus
_a1
_foversize.
506 0 _aOpen to research.
520 8 _aAccount book and other material. Correspondents include J.O. Converse and Benjamin Hammond.
545 0 _aResident of Falls Church, Va.
546 _aCollection material in English.
600 1 0 _aConverse, Julius Orrin,
_d1834-
_vCorrespondence.
651 0 _aFalls Church (Va.)
_xHistory.
600 1 4 _aHammond, Benjamin
_vCorrespondence.
999 _c43014
_d43014